000 01303nac a2200349 a 4500
003 CO-PeBPM
005 20260402121715.0
007 ta
008 260402s2016 ck a|||| |||| 00| 0 spa d
020 _aISBN 13: 9706074157802
040 _aCO-PeBPM
_bspa
_cCO-PeBPM
_erda
041 _aspa
082 0 4 _a235.5 V819s
_222
100 1 _aVirtue, Doreen
_eautora
245 1 0 _aSalvado por un ángel
_b: Relatos verdaderos de personas que han vivido experiencias extraordinarias con ángeles... y ¡qué hacer para experimentarlas Tú también!
_c/ Doreen Virtue; traducción Lorena Hidalgo Zebadúa
250 _aPrimera edición
264 _aMéxico
_b: Grupo Editorial Tomo
_c, c2016
300 _a348 páginas
_bilustraciones en blanco y negro
_c21 centimetros
336 _2rdacontent
_atexto
_btxt
337 _2rdamedia
_asin mediación
_bn
338 _2rdacarrier
_avolumen
_bnc
500 _aIncluye índice
500 _aContiene datos biográficos de la autora
650 1 7 _aCrecimiento personal
_2LEMB
650 1 7 _a Ángeles
_2LEMB
650 1 7 _aÁngeles guardianes
_2LEMB
650 1 7 _a Espiritualidad
_2LEMB
650 1 7 _a Fe
_2LEMB
700 1 _aHidalgo Zebadúa, Lorena
_etraducción
942 _2ddc
_n0
_cBK
999 _c107289
_d107289